Monasticism in Eastern Europe and the former Soviet Republics

Bibliographic Details
Other Authors: Murzaku, Ines Angeli (Editor)
Format: Book
Language:English
PhysicalDescription:xiv, 403 strán
Published: London New York Routledge, Taylor & Francis Group 2017
ISBN:9780815364665
Edition:First issued in paperback
Series:Routledge Religion, society and government in Eastern Europe and the Former Soviet States
Subjects:

MARC

LEADER 00000cam a2200000 4500
001 vtls011752901
003 SK-MaSNL
005 20260426000436.0
008 200316s2017 xxka frn 001 0 eng
015 |a SNBZSA2018/07 
020 |a 9780815364665  |q (brožované) 
035 |a urn:nbn:sk:snk-am00dh5m 
035 |a urn:nbn:sk:snk-am3i23e 
035 |a 9C982F8B-B47B-41EE-89C5-4B881D6FB123 
040 |a SNK  |b slo  |c SNK  |e rda 
041 0 |a eng 
043 |a ee-----  |a e-ur--- 
044 |a xxk  |c GB  |a xxu  |c US 
072 7 |a 322  |x Politika a náboženstvo. Vzťahy medzi cirkvou a štátom  |2 konspekt 
080 |a 2-523.6-788/-1/-9  |2 2011 
080 |a 2-788-1/-9  |2 2011 
080 |a 2-788  |2 2011 
080 |a 322:27-67  |2 2011 
080 |a (4‑11)  |2 2011 
080 |a (47+57)  |2 2011 
080 |a (082)  |2 2011 
080 |a 27-4  |2 2011 
245 0 0 |a Monasticism in Eastern Europe and the former Soviet Republics  |c edited by Ines Angeli Murzaku 
250 |a First issued in paperback 
264 1 |a London  |a New York  |b Routledge, Taylor & Francis Group  |c 2017 
300 |a xiv, 403 strán 
336 |a text  |b txt  |2 rdacontent 
337 |a bez média  |b n  |2 rdamedia 
338 |a zväzok  |b nc  |2 rdacarrier 
490 1 |a Routledge Religion, society and government in Eastern Europe and the Former Soviet States  |v 3 
504 |a Obsahuje bibliografiu ; bibliografické odkazy ; poznámky ; register 
650 0 7 |a kláštory  |2 SNKPH  |9 3024 
650 0 7 |a mníšsky život  |2 SNKPH  |9 69637 
650 0 7 |a mníšstvo  |2 SNKPH  |9 86431 
650 0 7 |a Monasteries  |2 SNKPHeng  |9 315986 
650 0 7 |a Monkish life  |2 SNKPHeng  |9 334784 
650 0 7 |a Monachism  |2 SNKPHeng  |9 414927 
650 0 7 |a kresťanstvo a politika  |2 SNKPH  |9 83197 
650 0 7 |a kresťanský život  |2 SNKPH  |9 1808 
650 0 7 |a Christianity and politics  |2 SNKPHeng  |9 316939 
650 0 7 |a Christian life  |2 SNKPHeng  |9 265582 
651 7 |a Európa východná  |2 SNKPHgeo  |9 167635 
651 7 |a Sovietsky zväz  |2 SNKPH  |9 22126 
651 7 |a Europe, Eastern  |2 SNKPHeng  |9 229905 
651 7 |a Soviet Union  |2 SNKPHeng  |9 277091 
655 7 |a zborníky  |2 SNKPH  |9 70165 
655 7 |a Papers of several authors  |2 SNKPHeng  |9 153738 
700 1 |a Murzaku, Ines Angeli  |4 edt  |9 342799 
830 0 |a Routledge Religion, society and government in Eastern Europe and the Former Soviet States  |9 342800 
919 |a 978-0-8153-6466-5 
958 |a ZS 
958 |a RU 
958 |a NB 
958 |a NT 
999 |c 855887  |d 857817 
952 |a SNK  |b SNK  |y PREZ  |7 0  |p 17A1332558  |o snkSC 180038  |i snk2018/13324  |8 4  |g 46.87  |0 0  |1 0  |4 0  |d 2018-04-24  |f 1  |l 0  |r 2026-02-24 04:56:04  |w 2026-02-24